Estudios elementales de literatura (Record no. 187829)

MARC details
000 -LEADER
campo de control de longitud fija 00889nam a2200193 i 4500
001 - NÚMERO DE CONTROL
campo de control 187829
003 - IDENTIFICADOR DE NÚMERO DE CONTROL
campo de control SpMaBN
005 - FECHA Y HORA DE LA ÚLTIMA TRANSACCIÓN
campo de control 20230906223036.0
008 - DATOS DE LONGITUD FIJA--INFORMACIÓN GENERAL
campo de control de longitud fija 180312s1920 sp |||| | spa d
080 ## - NÚMERO DE LA CLASIFICACIÓN DECIMAL UNIVERSAL
Número de la Clasificación Decimal Universal 82.09".../04"
100 1# - ENTRADA PRINCIPAL--NOMBRE DE PERSONA
Nombre de persona Garriga y Palau, Francisco Javier (
Fechas asociadas al nombre 1864-1941)
9 (RLIN) 164360
245 10 - MENCIÓN DEL TÍTULO
Título Estudios elementales de literatura
Resto del título : el antiguo Oriente y los clásicos /
Mención de responsabilidad, etc. Francisco J. Garriga.
250 ## - MENCION DE EDICION
Mención de edición 2ª ed.
260 ## - PUBLICACIÓN, DISTRIBUCIÓN, ETC.
Lugar de publicación, distribución, etc. Barcelona :
Nombre del editor, distribuidor, etc. Librería Bosch,
Fecha de publicación, distribución, etc. 1920 (
Fabricante Imp. Labraña)
300 ## - DESCRIPCIÓN FÍSICA
Extensión 383 p. ;
Dimensiones 18 cm.
505 8# - NOTA DE CONTENIDO CON FORMATO
Nota de contenido con formato Contiene: ;
Título Nociones preliminares de etnografía: la religión, el lenguaje y las razas troncales ;
-- El antiguo Oriente ;
-- Literatura griega ;
-- Literatura latina
650 04 - PUNTO DE ACCESO ADICIONAL DE MATERIA--TÉRMINO DE MATERIA
Término de materia o nombre geográfico como elemento de entrada Literatura antigua-
Subdivisión general Historia y crítica.
9 (RLIN) 14503
852 ## - LOCALIZACIÓN
Ubicación ES-MaACL
Número de control de estantería L-31892
Nota libre - Enc. cart.
-- . - Donat. herederos de la bibl. de Mª del Pilar Costa Palacín
Holdings
Estatus retirado Estado de pérdida Estado de daño No para préstamo Biblioteca de origen Biblioteca actual Ubicación en estantería Fecha de adquisición Fuente de adquisición Total de préstamos Signatura topográfica completa Código de barras Visto por última vez Precio de reemplazo Tipo de ítem Koha
        Biblioteca del Ateneo de Madrid Biblioteca del Ateneo de Madrid Depósito 2 12/03/2018     L-31892 1198461 23/02/2023 23/02/2023 Libro impreso